00321nam a2200097Ia 4500008004100000082001600041100001900057245010700076260003100183300000900214210430s9999 xx 000 0 und d a530 G6611 P aJohn R. Gordon aPhysics for Scientists and Engineers 7th ed (Student Soutions Manual and Study Guide)/cJohn R. Gordon aCanidabBrooks/ Colec2008 a390p